Documentos del episcopado: Chile 1970-1973
Saved in:
| Hovedforfatter: | |
|---|---|
| Format: | Bog |
| Sprog: | spansk |
| Udgivet: |
Santiago
Mundo
1974
|
| Fag: | |
| Tags: |
Tilføj Tag
Ingen Tags, Vær først til at tagge denne postø!
|
MARC
| LEADER | 00000cam a2200000 a 4500 | ||
|---|---|---|---|
| 001 | UCS9535 | ||
| 003 | CL-VaPUC | ||
| 008 | 971121e19740000CL |||||||||||||||||spa|d | ||
| 082 | 0 | 4 | |a 262.3 |b OVI |2 21 |
| 100 | |a Oviedo Cavada, Carlos |e autor |9 312665 | ||
| 245 | 1 | 0 | |a Documentos del episcopado: Chile 1970-1973 |
| 300 | |a 239 p | ||
| 942 | |c BK | ||
| 945 | |d 19971121 00:00:00 |a jquezada | ||
| 260 | |a Santiago |b Mundo |c 1974 | ||
| 600 | 0 | 7 | |a CONFERENCIA EPISCOPAL DE CHILE |2 CL-VaPUC |9 337072 |
| 650 | 7 | |a DOCUMENTOS |2 CL-VaPUC |9 366450 | |
| 650 | 0 | |a Episcopado |9 258396 | |
| 650 | 7 | |a ESTATUTOS |2 CL-VaPUC |9 259253 | |
| 650 | 7 | |a REGLAMENTOS |2 CL-VaPUC |9 259254 | |
| 650 | 0 | |a Epístolas |9 321181 | |
| 651 | 7 | |a CHILE |2 CL-VaPUC |9 472105 | |
| 583 | |a last modification |c 20181204 01:18:00 |k Rodrigo Vera | ||
| 999 | |c 301737 |d 301735 | ||
| 952 | |0 0 |1 0 |4 0 |6 262_300000000000000_OVI_1974 |7 0 |8 A |9 361281 |a BIBENE |b BIBENE |d 2019-11-21 |i 3366782 |o 262.3 OVI 1974 |p 3366782 |r 2024-01-16 |w 2019-11-21 |y BK |k ICO | ||
| 952 | |0 0 |1 0 |4 0 |6 262_300000000000000_OVI_1974 |7 0 |8 A |9 361282 |a BIBTEO |b BIBTEO |d 2019-11-21 |i 3373185 |o 262.3 OVI 1974 |p 3373185 |r 2025-01-17 |w 2019-11-21 |y BK |k ICR | ||
| 952 | |0 0 |1 0 |4 0 |6 262_300000000000000_OVI_1974 |7 0 |8 A |9 361283 |a BIBTEO |b BIBTEO |d 2019-11-21 |i 3373193 |o 262.3 OVI 1974 |p 3373193 |r 2025-01-17 |w 2019-11-21 |y BK |k ICR | ||
| 952 | |0 0 |1 0 |4 0 |6 262_300000000000000_OVI_1974 |7 0 |8 A |9 361284 |a BIBHIS |b BIBHIS |d 2019-11-21 |i 4903447 |o 262.3 OVI 1974 |p 4903447 |r 2025-01-20 |w 2019-11-21 |y BK |k HIS | ||
| 952 | |0 0 |1 0 |3 erb |4 0 |6 262_300000000000000_OVI_1974 |7 0 |8 A |9 361285 |a BIBTEO |b BIBTEO |e Casale Rolle, Carlos Ignacio, -2014 |i 5181755 |o 262.3 OVI 1974 |p 5181755 |r 2025-01-17 |w 2019-11-21 |y BK |z Catalogado en:20150710 |k ICR | ||
| 952 | |0 0 |1 0 |3 erb |4 0 |6 262_300000000000000_OVI_1974 |7 0 |8 A |9 361286 |a BIBTEO |b BIBTEO |e Villagrán Garnham, Jorge |i 531738K |o 262.3 OVI 1974 |p 531738K |r 2025-01-17 |w 2019-11-21 |y BK |z Catalogado en:20160731 |k ICR | ||
| 952 | |0 0 |1 0 |3 erb |4 0 |6 262_300000000000000_OVI_1974 |7 0 |8 A |9 361287 |a BIBTEO |b BIBTEO |e Precht Pizarro, Jorge Enrique |i 5520770 |o 262.3 OVI 1974 |p 5520770 |r 2025-01-17 |w 2019-11-21 |y BK |z Catalogado en:20181207 |k ICR | ||